01198nam a2200205 a 450000100100000000500170001000800410002704000250006810000270009324500940012026000510021430000280026570000280029395201200032195201980044195201200063995201050075995201110086499900170097500003883620210628132527.0130426s1993 dr a 000 0 spa d aDO-SdBNPbspacBNPHU1 aSantana, Isidoro9848610aReforma social :buna agenda para combatir la pobreza /cIsidro Santana, Magdalena Rathe. aSanto Domingo :bFundación Siglo 21 ,c1993. a277 p. :bil. ;c23 cm.1 aRathe, Magdalena936842 001054708DSaGRbGRcHDd2015-02-06iLF1l0o p38836-30r2020-06-25te. 3w2020-06-25yLFDSZPréstamo en sala 001054708DSaGRbGRcHDd2015-08-06iLF1l0o p38836-40r2020-06-25te. 4w2020-06-25yLFDSzPerteneció a la biblioteca personal de Chiqui Vicioso / Fidelio Despradel.ZPréstamo en sala 001054708DSaGRbGRcHDd2015-08-25iLF1l0o p38836-50r2020-06-25te. 5w2020-06-25yLFDSZPréstamo en sala 0010718PDaPDbPDcHDd2013-04-26iLF1l0o p38836-10r2020-06-25w2020-06-25yLFPDZNo se presta 0010718PDaPDbPDcHDd2013-06-11iLF1l0o p38836-20r2020-06-25te. 2w2020-06-25yLFPDZNo se presta c38326d38326